Loading...
| Literature - World | 0 | 8 | 0 | 2 | 80 | 50 | 79.75 | 2 | 5 | 23.04 | 45.94 |
| Literature - British | 0 | 7 | 1 | 0 | 65 | 37 | 55.86 | 2 | 6 | 32.43 | 52.11 |
| Literature - European | 0 | 5 | 1 | 1 | 45 | 29 | 74.20 | 2 | 3 | 16.48 | 32.95 |
| Literature - American | 0 | 5 | 2 | 0 | 40 | 26 | 50.20 | 2 | 5 | 25.50 | 39.77 |
| Fine Arts - Classical Music | 0 | 4 | 1 | 0 | 35 | 61 | 78.00 | 1 | 3 | 9.76 | 28.41 |
| Fine Arts - Other | 0 | 4 | 1 | 1 | 35 | 74 | 82.50 | 1 | 3 | 10.40 | 25.49 |
| Painting/Sculpture | 0 | 5 | 3 | 1 | 35 | 54 | 75.80 | 2 | 4 | 15.35 | 36.36 |
| Science - Other | 0 | 3 | 0 | 1 | 30 | 54 | 58.33 | 0 | 1 | 12.64 | 12.50 |
| Science - Biology | 0 | 3 | 1 | 0 | 25 | 52 | 65.67 | 1 | 1 | 9.66 | 17.05 |
| Science - Physics | 0 | 3 | 1 | 0 | 25 | 39 | 50.00 | 0 | 2 | 13.01 | 19.48 |
| History - World | 0 | 3 | 1 | 1 | 25 | 79 | 96.67 | 0 | 0 | 2.32 | 5.68 |
| Religion | 0 | 3 | 2 | 1 | 20 | 62 | 82.67 | 0 | 0 | 6.97 | 7.95 |
| Pop Culture | 0 | 2 | 0 | 0 | 20 | 27 | 56.50 | 0 | 1 | 16.88 | 13.39 |
| Social Science | 0 | 1 | 0 | 1 | 10 | 105 | 105.00 | 0 | 0 | 0.00 | 1.56 |
| History - American | 0 | 1 | 0 | 0 | 10 | 84 | 84.00 | 0 | 0 | 1.89 | 3.41 |
| Science - Chemistry | 0 | 1 | 0 | 0 | 10 | 39 | 39.00 | 1 | 1 | 5.47 | 9.09 |
| Current Events | 0 | 1 | 0 | 1 | 10 | 108 | 108.00 | 0 | 0 | 0.15 | 6.25 |
| Geography | 0 | 0 | 0 | 0 | 0 | 0.00 | 0 | 0 | 0.00 | 0.00 | |
| History - Other | 0 | 0 | 1 | 0 | -5 | 0.00 | 0 | 0 | 0.00 | 0.00 | |
| Philosophy | 0 | 0 | 1 | 0 | -5 | 0.00 | 0 | 0 | 0.00 | 0.00 |